| 000 | 00633nam a2200181 i 4500 | ||
|---|---|---|---|
| 001 | 38059 | ||
| 003 | ES-MaACL | ||
| 005 | 20230906155704.0 | ||
| 007 | t| | ||
| 008 | 030224s1933 sp ||||1| spa d | ||
| 100 | 1 |
_aCabarrús, Francisco _cConde de. _933162 |
|
| 245 | 1 | 0 |
_aCartas sobre los obstáculos que la naturaleza, la opinión y las leyes oponen a la felicidad pública / _cpor el Conde de Cabarrus. |
| 250 | _aNueva ed., corr. el texto y con biografía del autor. | ||
| 260 |
_aMadrid : _bFerreira, _c1933. |
||
| 300 |
_a248 p. ; _c23 cm. |
||
| 650 | 4 |
_aEconomía- _zEspaña- _yS.XVIII. _9150793 |
|
| 852 |
_aES-MaACL _jA-2957 |
||
| 999 |
_c38059 _d38059 |
||